00449nam a2200133Ia 4500008004100000020001400041245007000055260004000125516002000165650003700185650001600222830002600238856005100264150121s9999 xx 000 0 und d a2094-9251 aAsian Journal of Business and Governance /h[electronic resource] bLiceo de Cagayan University,c2012. aElectronic text aBusiness Magement and Education. aTechnology. aPhilippine E-Journals uhttp://www.ejournals.ph/index.php?journal=AJBG